[Event "Shamkir Chess"]
[Site "?"]
[Date "2015.04.23"]
[Round "6.5"]
[White "Kramnik, Vladimir"]
[Black "Caruana, Fabiano"]
[Result "0-1"]
[WhiteElo "2783"]
[BlackElo "2802"]
[EventDate "2015.??.??"]
[Annotator "Bojkov,Dejan"]
[PlyCount "108"]
[Beauty "6739499690067"]
[EventType "team-tourn"]
[WhiteClock "0:00:10"]
[BlackClock "0:09:02"]

{[Annotations by GM Dejan Bojkov]} 
1.d4 Nf6 2.Nf3 {Just like Carlsen the other day, Vladimir Kramnik decides to avoid the Gruenfeld.} 2...g6 3.Bg5 Bg7 4.c3 O-O 5.Nbd2 d5 {This is considered the most reliable move against the Torre Attack.} 6.e3 Nbd7 7.Be2 c5 {The Torre Attack represents in this case the reversed Slav defense, to which Caruana replies with something like a reversed Catalan. My tongue got reversed as well.} 8.O-O b6 9.a4 {A standard reaction to the fianchettoe similar to the one that Carlsen used against the same Caruana in round three.} 9...a6 ( {Alternatively} 9...a5 {weakens the light squares and the pull for White} 10.Bb5 Ba6 11.Bxa6 Rxa6 12.Qe2 {Petrosian,T (2649)-Gopal,G (2522) Golden Sands 2013} ) 10.b4 {White shows aggression on the queen's flank but his plan is deeper than that. Kramnik wants to force his opponent to close that side of the board in order to concentrate his forces in the center and the kingside.} 10...Bb7 11.a5 {A novelty, in the spirit of the above-mentioned plan.} ( {Previously only} 11.bxc5 bxc5 12.Qb3 {has been tried without much success for White:} 12...Bc6 13.Qa3 h6 14.Bxf6 Bxf6 15.dxc5 e5 {with good compensation for the pawn in Bogdanovski,V (2435)-Mista,A (2579) Paracin 2013} ) 11...cxb4 {Now Caruana will have at least one open file to keep his opponent busy .} 12.cxb4 b5 13.Rc1 Ne8 ( {Carlsen already proved in his game with Mamedyarov earlier that the structure arising after} 13...Ne4 14.Nxe4 dxe4 15.Nd2 {favours White.} ) 14.Nb3 Nd6 {Both parties seek and find the optimal squares for their pieces.} 15.Ne1 Nc4 16.Nd3 {It becomes apparent that White has a lot of small advantages in comparison to his opponent. To start with, the space advantage. The little pawn on a5 takes away the b6 square from Nd7 while the white knights are feeling very comfortable. White's bishops are also more active and all of this leads us to the conclusion that Kramnik succeeded with his opening strategy. Now he starts slowly torturing his opponent. The grand plan is to prepare and carry out the e3-e4 advance. Caruana's position lacks any weaknesses, but is passive and it is overall quite unpleasant to play.} 16...Ra7 ( 16...Rc8 {is less precise as after} 17.Nbc5 Nxc5 18.Nxc5 {the pawn on a6 will hang.} ) 17.Bh4 Ba8 18.Bf3 ( {Also interesting is} 18.Re1 {intending Be2-f1, f2-f3 and later e3-e4 but the former world champion prefers a more aggressive set up.} ) 18...Nf6 19.Qe2 Ne8 20.g4 $5 {Intending Bf3-g2, Bh4-g3 (the point behind g2-g4) and further advance of the f- and e-pawns.} 20...Ned6 21.Bg2 Qc8 22.Nbc5 Re8 23.Bg3 Qd8 {Caruana prepared his position as much as he could for the possible assault.} 24.Rcd1 ( {White could have also provoked a weakening with} 24.Be5 $5 {as} 24...Nxe5 25.dxe5 Ne4 26.f4 {is good for him.} ) 24...e6 25.f3 Qe7 26.Kh1 Bh6 {Black does not want to change the pawn structure and play with isolated pawn after} ( 26...e5 $5 {but this definitely interesting.} ) 27.Nf4 {The time trouble is approaching and Kramnik decided that this is a good moment to complete his idea. However, as he later admitted at the press-conference he missed an important tactical detail.} ( {He did not like} 27.Bf2 {due to} 27...f5 {"and Black holds" (Kramnik), but White still has better position without any risk after say} 28.Ne5 fxg4 29.Nxg4 Bg7 30.e4 ) 27...Nb7 28.Ncd3 {Or else Black might take on c5 and put his bishop on c6.} 28...Nd8 $1 {A strong maneuver before the decisive central clash.} 29.e4 Nc6 $1 {The point. Now it is not clear who attacks more.} 30.exd5 ( 30.Qf2 {simply loses a pawn:} 30...Nxb4 ) 30...Nxb4 31.dxe6 {Only here did Kramnik realize that he had missed a strong queen sacrifice.} ( {His original intention was} 31.d6 {but then he saw} 31...Nxd3 $5 ( {Caruana on his turn thought that} 31...Qf6 {is also good for him. Indeed after} 32.Nh5 gxh5 33.Nxb4 Bf4 34.Nd3 Bxd6 35.Be5 Bxe5 36.dxe5 Qg5 {Black seems in good shape.} ) 32.dxe7 Nxf4 {and Black is in complete control.} ) 31...Nxd3 32.Rxd3 {The black pieces came into life and his position is stronger now.} 32...fxe6 ( {Even better was} 32...Qf6 33.Re1 Rae7 {with clear advantage for the second player.} ) 33.Qe1 Qd8 {There are too many weaknesses in White's camp and he tries to compensate with kingside activity.} 34.h4 Rf7 ( {Kramnik suggested a more simple alternative} 34...Bxf4 $1 35.Bxf4 Bd5 36.Qg3 Qxa5 37.h5 Rf7 {with a clear edge for Black.} ) 35.g5 Bg7 36.Bh3 $6 {In time trouble Kramnik errs for the second time.} ( {However, his position is already difficult even after his analysis suggestion} 36.Rd1 Qxa5 37.Qe2 ( 37.Qxa5 Nxa5 38.Ra1 ) ) 36...Rxf4 $1 {A powerful central blow. Caruana opens the archers.} 37.Bxf4 e5 38.Bg3 e4 39.Rd1 Bd5 ( {Not} 39...exf3 $2 40.Be6+ Kh8 41.d5 {which they both saw.} ) 40.Be5 exf3 41.Qf2 ( 41.Kg1 $5 {was suggested by Caruana as a more tenacious alternative, but Black is much better anyway.} ) 41...Qxa5 42.Bg4 Rf8 {For the exchange Black has two pawns and a strong central grip.} 43.Rd3 ( {Instead} 43.Rfe1 {allows "my most typical trick" (Caruana)} 43...Nb2 $1 44.Rd2 Nd3 $1 45.Rxd3 {with the idea} 45...Qxe1+ $1 46.Qxe1 f2+ {and wins.} ) 43...Qb4 $1 {Kramnik spent a lot of time here calculating pretty much everything but could not find salvation. Below are given some of the beautiful lines that the opponents calculated during the game:} ( 43...Bxe5 $6 {may lead to a draw after} 44.dxe5 Nxe5 45.Qd4 Qa2 46.Qxd5+ Qxd5 47.Rxd5 Nxg4 ) ( 43...Be4 $2 {loses to} 44.Be6+ Kh8 45.Bxg7+ Kxg7 46.d5 ) ( 43...Nxe5 44.dxe5 Bc4 $6 {stumbles on} 45.Rxf3 Rxf3 ( 45...Bd5 46.Be6+ $1 ) ( 45...Rd8 46.e6 $1 ) 46.Qxf3 Bxf1 $4 47.Be6+ Kh8 48.Qa8+ {and mate (Kramnik)} ) 44.Bg3 {Some more lines by Kramnik and Caruana:} ( 44.Bxg7 Kxg7 45.Bxf3 {and now the key move is} ( 45.Qg3 Qe7 $1 46.Bxf3 Qe2 $3 {is especially cute.} ) 45...Be4 $3 ( {Rather than} 45...Rxf3 46.Rxf3 Nd2 47.Qe1 $1 ) ) ( 44.Bxf3 {is answered in a similar way:} 44...Rxf3 45.Rxf3 Bxe5 46.Qg2 Ne3 47.Rf8+ Qxf8 48.Rxf8+ Kxf8 ) ( {Black also wins after} 44.Bf6 Bxf6 45.Bxf3 Bxf3+ 46.Rxf3 Bg7 ) 44...h5 $1 45.gxh6 Bxh6 {Now the knight gets a chance to come closer to the kingside with Nc4-e3(d2). The end is getting closer.} 46.Kh2 {Nothing helps:} ( 46.Ra1 Nd2 $1 ) ( 46.Bxf3 {is simlar as above} 46...Rxf3 47.Rxf3 Nd2 48.Qe1 Qf8 ( 48...Qb3 {also wins} ) ) 46...Nd2 $1 47.Ra1 Ne4 {Without the dark-squared bishop White's position falls apart.} 48.Qc2 Nxg3 49.Rxa6 Be4 50.Bxf3 Qe1 51.Qb3+ Kh8 52.Bxe4 Rf2+ 53.Kh3 ( 53.Kxg3 Qg1+ 54.Kh3 Rh2# ) 53...Qf1+ 54.Kg4 Rf4+ {Kramnik resigned before the mate. Overall, Kramnik had the advantage, led the game, but a couple of inaccuracies proved enough for Caruana to show his best qualities: stubborness in defense and iron nerves. This was only Black's second win in the event.} ( 54...Rf4+ 55.Kxg3 Qf2+ 56.Kh3 Rxh4# ) 0-1

[Event "Shamkir Chess"]
[Site "?"]
[Date "2015.04.24"]
[Round "7.2"]
[White "Anand, Viswanathan"]
[Black "Adams, Michael"]
[Result "1-0"]
[WhiteElo "2791"]
[BlackElo "2746"]
[EventDate "2015.??.??"]
[Annotator "Bojkov,Dejan"]
[PlyCount "101"]
[Beauty "6946035887683"]
[EventType "team-tourn"]
[WhiteClock "0:24:04"]
[BlackClock "0:30:18"]

{[Annotations by GM Dejan Bojkov]} 
1.c4 {These days the top players try to mainly surprise their opponents in the opening and to avoid the heavy home preparation. They also try to get some psychological advantage . This approach is quite unpleasant against a player who is not doing well in the opening. Anand chooses the English opening which he only played three times before in classical games - one being against Adams, by the way.} 1...e5 2.g3 ( 2.Nc3 Nf6 3.Nf3 Nc6 4.g3 g6 5.d4 exd4 6.Nxd4 Bg7 7.Bg2 O-O {Anand,V (2775)-Adams,M (2710) London 2012} ) 2...c6 {Adams also replies with a surprise in return. He had used the reversed Alapin in 2008 and for Anand this is already new.} 3.Nf3 ( {That only game of the Englishman went} 3.d4 Bb4+ 4.Bd2 Bxd2+ 5.Qxd2 d6 6.Nc3 Nf6 7.Bg2 O-O 8.e3 Nbd7 {Miezis,N (2540)-Adams,M (2735) Liverpool 2008} ) 3...e4 4.Nd4 d5 5.cxd5 Qxd5 6.Nc2 Nf6 7.Nc3 Qh5 8.Ne3 {This position is already very fresh. It was played only once in an over-the-board game. White prepares to pressurize the exposed e4-pawn and opens the road for the queen.} ( {The complications arising after} 8.d3 exd3 9.Qxd3 Na6 10.Bg2 Bh3 $5 11.Bf3 Qg6 12.Bxc6+ bxc6 13.Qxa6 Rd8 {are not everyone's cup of tea, Svidler,P (2753)-Topalov,V (2772) Flor &amp; Fjaere 2014} ) ( 8.h3 {is another move.} ) 8...Bc5 {A solid reaction. In case of} ( 8...Bh3 9.Qb3 $1 b5 10.Qc2 Bxf1 11.Rxf1 Qe5 12.f3 exf3 13.Rxf3 {Black's position has too many loose ends, Berkes,F (2606)-Borisek,J (2508) Heraklio 2007} ) ( 8...Na6 $5 {deserves attention in order to torture the queen anytime it comes to c2.} ) 9.Qc2 Bxe3 ( {Or else Black loses the pawn} 9...O-O 10.Nxe4 ) 10.fxe3 {Anand wants to use the half-open file to possibly lift the rook to f4 and increase the pressure on e4. And for something more...} 10...Qe5 11.Bg2 Bf5 12.O-O O-O 13.b3 {The novelty.} ( {A correspondence game went} 13.b4 Nbd7 14.Bb2 Qe6 15.b5 Rac8 16.Qb3 Rfd8 17.Rac1 Nc5 18.Qxe6 Bxe6 19.Rc2 Bd7 20.bxc6 Bxc6 {and Black managed to solve the problem of the e4 pawn, Littke,H (2254)-Kolek,P (2399), 2011} ) 13...Nbd7 14.Bb2 Qe6 {One more move and Adams will cement his position for good with Bf5-g6. But...} 15.Rxf5 $1 {A nice positional sacrifice of the exchange. White wins the central pawn for it and the bishop pair. It is interesting that both players did not evaluate the position similarly. Adams considered it perfectly OK, while Anand thought it is easier to play as White.} 15...Qxf5 16.Nxe4 Qg6 $1 {The best defense. Else White will point his bishops towards the kingside with} ( 16...Nxe4 17.Bxe4 Qh5 18.Rf1 {followed by Rf4-h4 and attack (Anand).} ) 17.Rf1 Rfe8 18.Bxf6 {Tit for tat. White destroys the pawn structure in front of the enemy king.} 18...Nxf6 19.Nxf6+ gxf6 20.e4 Rad8 21.Rf4 {Anand's plan is to bring the bishop to f5, play d2-d3, bring the rook to h4 and attack the kingside with Qd2-h6.} 21...Qh5 $1 {Adams hurries to escape from the danger zone.} 22.d3 Qe5 23.Bh3 Kg7 24.Kg2 h5 $5 {An interesting pawn sacrifice. Black manages to temporary exclude the rook from the game.} ( {Something solid like} 24...Rh8 {was also possible.} ) 25.Rf5 Qd4 26.Rxh5 Qe3 27.Rh4 ( {One point behind the pawn sacrifice is demonstrated by Anand. The rook cannot come back at once} 27.Rf5 $2 Rxe4 $1 {works well for Black with the idea} 28.dxe4 Rd2 29.Qc4 b5 30.Qc5 Rxe2+ 31.Kh1 Re1+ 32.Bf1 Rxf1+ 33.Kg2 Rf2+ 34.Kh3 Qh6+ {and Black wins.} ) 27...Re5 28.Rf4 {White's chances are connected with the kingside attack and for this reason he should not allow any trades of the heavy pieces.} ( {Another problem is revealed by the line} 28.Bf5 Rh8 $1 29.Rf4 $2 ( {Black would be happy to trade the rooks and kill the attacking potential of his opponent} 29.Rxh8 Kxh8 {when only Black can play for the win.} ) 29...Rc5 30.Qb2 Rc1 {and wins.} ) 28...Rc5 29.Qb2 Rd6 30.Rf1 a5 {Adams placed his pieces in a very good way and now improves the mobile pawns.} 31.Bf5 b5 32.h4 ( {Anand also considered the pawn sacrifice} 32.b4 axb4 33.Rf3 Qd4 34.Qd2 {in order to return to his original idea of kingside attack, but at the end decided that it was too risky.} ) 32...Rd8 $2 {"The decisive blunder" (Anand) "Awful move" (Adams). The English GM missed a nice tactical regroupment. Instead many moves lead to dinamic equality:} ( 32...b4 ) ( 32...a4 $5 {In both case White cannot effectively use his queen in the attack due to the weakness of the b3 and e2 pawns.} ) ( {They also considered} 32...Qd4 {good for Black, but this is questionable as it allows the white queen a kingside sortie} 33.Qd2 Rd8 34.h5 {and White is definitely better.} ) 33.a3 b4 34.axb4 axb4 35.Be6 $1 {The bishop is transferred to the optimal c4 square from where it cements the queenside while attacking the f7 pawn. Black's position immediately becomes bad.} 35...Rc3 ( {The bishop is full of poison:} 35...fxe6 36.Qxf6+ {is mate in seven.} ) ( {Noweven the endgame is lost for Black as Anand explained} 35...Qd4 36.Qxd4 Rxd4 37.Bc4 {followed by g3-g4, Kg2-f3-e3, and later g4-g5 which will win the pawn on f7.} ) 36.Bc4 {White cemented the position and can get rid of the opponent's queen easily. After that his queen comes into the game and the step-by-step attack is unstoppable.} 36...Ra8 37.Rf5 Ra7 38.Rf3 Qc5 ( 38...Qh6 $5 {was more stubborn.} ) 39.Qd2 Qd6 40.Qe3 {The former world champion is not in a hurry.} ( 40.Rf5 {with the threat Rf5-h5 was faster as if} 40...Ra8 41.e5 $1 {destroys the barricades.} ) 40...Ra5 41.Rf2 Rc2 42.g4 Qd7 43.Qg3 Rc5 44.g5 $1 {The decisive break. It is again the Bc4 to blame for Black's misery.} ( 44.e5 {would also do.} ) 44...fxg5 45.Rxf7+ Qxf7 46.Bxf7 Kxf7 47.Qf3+ Kg7 48.h5 {The rest is easy for Anand.} 48...Ra5 49.Kf2 Rb2 50.h6+ Kg6 51.h7 {An inspired and interesting battle!} ( {Black resigned as he loses the rook:} 51.h7 Kxh7 52.Qf7+ Kh6 ( 52...Kh8 ) 53.Qf6+ ) 1-0